000 00970 am a2200289 a 4500
005 20240627102613.0
008 100706s1997||||ag a g |||| 000 0 spa d
020 _a9500619865
041 _aspa
092 _c610.3
_l81
_sSTE
245 _aStedman. Diccionario de ciencias médicas.
_bIlustrado /
_cWilliam K. Beatty
250 _a25a ed. 3a reimp.
260 _aBuenos Aires:
_bEditorial Médica Panamericana;
_c1997.
300 _a1528 p.
500 _aBeatty, W. K. et al. (1997). Stedman. Diccionario de ciencias médicas. Ilustrado. (25a ed.). Buenos Aires : Editorial Médica Panamericana.
653 _aDiccionario
700 1 _aBeatty, William K.
_91071
700 1 _aBorysewicz, Mary L.
_eCol.
_91774
700 1 _aDoh, Show-Hong
_eCol.
_91775
700 1 _aKoch, Thomas R.
_eCol.
_91776
700 1 _aSchaffner, David L.
_eCol.
_91777
700 1 _aSequeiros, Jorge
_eCol.
_91778
930 _a181
930 _a182
930 _a183
942 _2ddc
_cBK
999 _c768
_d768